Automatické rozpoznávanie emócií

Salvato in:
Dettagli Bibliografici
Autore principale: Mojčák, Lukáš (Autore)
Altri autori: Sopiak, Dominik (Relatore della tesi)
Natura: Manoscritto Libro
Lingua:slovacco
Pubblicazione: 2017
Soggetti:
Accesso online:http://is.stuba.sk/zp/portal_zp.pl?podrobnosti=107219
Tags: Aggiungi Tag
Nessun Tag, puoi essere il primo ad aggiungerne!!

MARC

LEADER 00000ntm a22000003a 4500
001 stuzp56788
003 SK-STU
005 20170731112003.3
007 ta
008 150427s2015----xo-----f-mn---000-0-slo-d
040 |a STU  |b slo 
041 0 |a slo 
044 |a xo 
100 1 |a Mojčák, Lukáš  |u 035000  |4 aut  |U FEI Fakulta elektrotechniky a informatiky  |T FEI Ústav informatiky a matematiky  |X 72890  |U E050  |Y 816  |7 72890 
242 0 1 |a The authomatic recognition of emotions  |y eng 
245 1 0 |a Automatické rozpoznávanie emócií 
260 |c 2017 
300 |a 25 s.,  |b DVD 
650 4 |a rozpoznávanie  |2 slo 
650 4 |a postupy  |2 slo 
650 4 |a emócie  |2 slo 
650 4 |a systém  |2 slo 
650 4 |a system  |2 eng 
650 4 |a procedures  |2 eng 
650 4 |a recognition  |2 eng 
650 4 |a emotions  |2 eng 
700 1 |a Sopiak, Dominik  |u 035000  |k Z3  |4 ths  |U FEI Fakulta elektrotechniky a informatiky  |T FEI Ústav informatiky a matematiky  |X 64721  |U E050  |Y 816  |7 A000064721 
856 4 |u http://is.stuba.sk/zp/portal_zp.pl?podrobnosti=107219 
996 |b 284ER02531  |c E*Bc- 2531  |l EE35  |s P  |a 0  |w stuzp56788_0001